000 00418nam a22001577a 4500
003 NUST - PNEC
005 20170116181126.0
008 151005b xxu||||| |||| 00| 0 eng d
040 _cLIBRARY
082 _a925.297 NAQ
100 _913711
_aNaqvi, S. Fakhre Alam
245 _aEminent Muslim scientists
_cS. Fakhre Alam Naqvi
260 _cc1991
650 _913714
_aMuslim scientists
_xGeneral
942 _2ddc
_cBK
999 _c69770
_d69770